Real analysis
Saved in:
| Main Author: | |
|---|---|
| Format: | Book |
| Language: | English |
| Published: |
Reading, Mass. :
Addison-Wesley, Advanced Book Program/World Science Division,
c1983.
|
| Edition: | 2η εκδ. |
| Subjects: | |
| Tags: |
Add Tag
No Tags, Be the first to tag this record!
|
MARC
| LEADER | 00000cam a2200000 i 4500 | ||
|---|---|---|---|
| 001 | 1/27979 | ||
| 008 | 941103t1983 mau ||| eng d | ||
| 020 | |a 0201141795 | ||
| 035 | |l 10037959 | ||
| 040 | |a GR-MY-UA |b gre |e aacr | ||
| 041 | 0 | |a eng | |
| 082 | 0 | |a 515 | |
| 100 | 1 | |a Lang, Serge |d 1927-2005. | |
| 245 | 1 | 0 | |a Real analysis / |c Serge Lang. |
| 250 | |a 2η εκδ. | ||
| 260 | |a Reading, Mass. : |b Addison-Wesley, Advanced Book Program/World Science Division, |c c1983. | ||
| 300 | |a xiv, 533 σ. : |b σχέδια ; |c 24 εκ. | ||
| 504 | |a Βιβλιογραφία: σ. 525-527. Ευρετήριο. | ||
| 650 | 0 | 0 | |a Mathematical analysis. |
| 767 | 0 | 8 | |t Analyse reelle / |
| 852 | |a INST |b SAMOS |e 19941103 |h 515 LAN |p 005300001864 |q 005300044049 |t BK |y 0 | ||
| 909 | |a Σ |b 007670 | ||